Normal view MARC view

Entry Personal Name

Number of records used in: 2

001 - CONTROL NUMBER

  • control field: 84694

003 - CONTROL NUMBER IDENTIFIER

  • control field: dpl

005 - DATE AND TIME OF LATEST TRANSACTION

  • control field: 20250904111010.0

008 - FIXED-LENGTH DATA ELEMENTS

  • fixed length control field: 250904|| aca||aabn | a|a d

040 ## - CATALOGING SOURCE

  • Original cataloging agency: dpl
  • Transcribing agency: dpl

100 ## - HEADING--PERSONAL NAME

  • Personal name: Sivaraman, M

670 ## - SOURCE DATA FOUND

  • Source citation: Work cat.: (dpl)213315: Sivaraman, M., Scientific Approach To Environmental Studies/, 2010

© Delhi Public Library
Hit Counter
free hit counter